GUTENBERG-Jahrbuch 1950.

Guardado en:
Formato: Libro
Idioma:German
Publicado: Mainz : Gutenberg-Gesellschaft, 1950.
Etiquetas: Agregar Etiqueta
Sin Etiquetas, Sea el primero en etiquetar este registro!
LEADER 00491nam a22001455a 4500
001 EUN.um063477
008 041125s1950####xx#a##########000#0#ger#d
005 20170627101011.0
245 0 0 |a GUTENBERG-Jahrbuch 1950. 
260 |a Mainz :  |b Gutenberg-Gesellschaft,  |c 1950. 
300 |a 444 p. :  |b ilus. ;  |c 27 x 20,5 cm. 
082 0 4 |a 655.1 
082 0 4 |a 655.42 
859 |a Ar-BaUNS  |b BIB. CENTRAL - Tesoro  |h 655.1  |i G982  |k C  |p 2980/959  |v 1950 
859 |a Ar-BaUNS  |b BIB. CENTRAL - Tesoro  |h 655.1  |i G982  |k C  |p 97375/989  |t Ej.2  |v 1950